| 000 | 00552nam a2200193Ia 4500 | ||
|---|---|---|---|
| 003 | GCL | ||
| 008 | 140319s9999 xx 000 0 ara d | ||
| 040 |
_aGCL / _cGCL |
||
| 082 | 0 | 4 |
_a889.008 _bب ذ |
| 100 | 1 | _aرشدى السيسى (مترجم) | |
| 245 | 1 | 0 |
_aذهب طروادة / _cرشدى السيسى (مترجم) |
| 700 | 1 | _aبين، روبرت | |
| 300 | _a264 ص | ||
| 490 |
_aالالف كتاب _v0 |
||
| 650 | 0 | 4 | _aالقصص القصيرة |
| 650 | 0 | 4 | _aالادب اليونانى |
| 650 | 0 | 4 | _aالمجموعات |
| 942 |
_2ddc _cBK |
||
| 999 |
_c46262 _d46262 |
||